01238nam a2200181 a 4500001001500000005001700015008004100032020003500073020003000108100002100138245005600159260003300215300002000248520058900268856008200857999001700939952010000956ASIN117480757120150422114105.0150422s2011 xxu eng d a1174807571 (paperback)c$14.75 a9781174807572 (paperback)1 aAngus, Taylor E.10aCalculus with analytic geometry /cTaylor E. Angus. a[S.l.] :bNabu Press,c2011. a20 p. ;c25 cm. aThis is a reproduction of a book published before 1923. This book may have occasional imperfections such as missing or blurred pages, poor pictures, errant marks, etc. that were either part of the original artifact, or were introduced by the scanning process. We believe this work is culturally important, and despite the imperfections, have elected to bring it back into print as part of our continuing commitment to the preservation of printed works worldwide. We appreciate your understanding of the imperfections in the preservation process, and hope you enjoy this valuable book.403Amazon.comuhttp://www.amazon.com/exec/obidos/ASIN/1174807571/chopaconline-20 c13272d13272 00104070aBBbBBd2020-02-12g120.00l0o517.5ANGpB3125r2015-04-22 00:00:00w2015-04-22yBK